书目信息 |
| 题名: |
文学审美特征论
|
|
| 作者: | 童庆炳 著 | |
| 分册: | ||
| 出版信息: | 武汉 华中师范大学出版社 2000 |
|
| 页数: | 317页 | |
| 开本: | 20cm | |
| 丛书名: | 新时期文艺学建设丛书 | |
| 单 册: | ||
| 中图分类: | I01-53 , I0 | |
| 科图分类: | ||
| 主题词: | 文艺美学--文集 , 文学理论 | |
| 电子资源: | ||
| ISBN: | 7-5622-2172-3 | |
| 000 | 01078oam2 2200277 450 | |
| 001 | 1554316379 | |
| 005 | 20150118150543.71 | |
| 010 | @a7-5622-2172-3@dCNY16.00 | |
| 100 | @a20010706d2000 em y0chiy0110 ea | |
| 101 | 0 | @achi@eeng |
| 102 | @aCN@b420000 | |
| 105 | @aa z 000yy | |
| 200 | 1 | @a文学审美特征论@9wen xue shen mei te zheng lun@f童庆炳著 |
| 210 | @a武汉@c华中师范大学出版社@d2000 | |
| 215 | @a317页@c彩照@d20cm | |
| 225 | 2 | @a新时期文艺学建设丛书@h第一辑 |
| 330 | @a本书分五部分,第一部分是对文学审美特征论的总体理解;第二部分是运用文学审美特征的观点,来阐释现实主义问题、典型问题、真实性问题、文学语言问题、内容形式问题等;第三部分是对文艺创作中审美心理的研究;第四部分是对文艺鉴赏中审美心理问题的讨论;第五部分是关于文学审美特征问题的学术背景问题的介绍。 | |
| 461 | 0 | @12001 @a新时期文艺学建设丛书 |
| 462 | 0 | @12001@a新时期文艺学建设丛书@h第一辑 |
| 606 | 0 | @a文艺美学@j文集 |
| 606 | 0 | @a文学理论 |
| 690 | @aI01-53@v5 | |
| 690 | @aI0@v4 | |
| 701 | 0 | @a童庆炳@9tong qing bing@f(1936.12~)@4著 |
| 801 | 0 | @aCN@bTSSF@c20150118 |
| 905 | @aZUCC@dI0@eJY4 | |
| 文学审美特征论/童庆炳著.-武汉:华中师范大学出版社,2000 |
| 317页:彩照;20cm.-(新时期文艺学建设丛书.第一辑) |
| ISBN 7-5622-2172-3:CNY16.00 |
| 本书分五部分,第一部分是对文学审美特征论的总体理解;第二部分是运用文学审美特征的观点,来阐释现实主义问题、典型问题、真实性问题、文学语言问题、内容形式问题等;第三部分是对文艺创作中审美心理的研究;第四部分是对文艺鉴赏中审美心理问题的讨论;第五部分是关于文学审美特征问题的学术背景问题的介绍。 |
| ● |
| 相关链接 |
|
|
|
|
正题名:文学审美特征论
索取号:I0/JY4
 
预约/预借
| 序号 | 登录号 | 条形码 | 馆藏地/架位号 | 状态 | 备注 |
| 1 | 7849151 | 278491516 | 学院路分馆/ [索取号:I0/JY4] | 在馆 |